Riize members - Statistics

General Stats
  • This quiz has been taken 360 times
  • The average score is 6 of 7
Answer Stats
Picture Answer % Correct
Eunseok
87%
Sohee
83%
Seunghan
82%
Wonbin
81%
Anton
79%
Shotaro
77%
Sungchan
73%
No matching quizzes found
Score Distribution
Percent of People with Each Score
Percentile by Number Answered
Your Score History
You have not taken this quiz